La Teoría política de Hannah Arendt : (1906-1975) / Javier Roiz (1906-1975) / Javier Roiz
Descripción Física:
67 p. ; 21 cm
MARC
| LEADER | 00000nam a2200000Ia 4500 | ||
|---|---|---|---|
| 001 | 14850 | ||
| 008 | 160829s2002 xx 000 0 cat d | ||
| 080 | |a M-4-275 | ||
| 100 | |a Roiz, Javier |9 25569 | ||
| 245 | |a La Teoría política de Hannah Arendt : |b (1906-1975) / Javier Roiz | ||
| 260 | |a Barcelona : |b Institut de Ciències Polítiques i Socials, |c 2002 | ||
| 300 | |a 67 p. ; |c 21 cm | ||
| 490 | |a Working papers / Institut de Ciències Polítiques i Socials ; 208 | ||
| 590 | |a Notes, referències bibliogràfiques | ||
| 650 | |a Arendt, Hannah |x Punts de vista polítics i socials |9 25570 | ||
| 650 | |a Ciències polítiques |x Filosofia |9 24350 | ||
| 710 | 2 | |a Institut de Ciències Polítiques i Socials (Barcelona, Catalunya) |9 55871 | |
| 901 | |a Arxiu | ||
| 942 | |n 1 | ||
| 952 | |0 0 |1 0 |4 0 |6 M4275 |7 1 |9 43681 |a Arxiu |b Arxiu |d 2016-12-01 |l 0 |o M-4-275 |p 14850 |r 2016-12-01 00:00:00 |w 2016-12-01 |y ARXIU | ||
| 999 | |c 46229 |d 46229 | ||